000 00511nam a22002057a 4500
003 koha_MIRAKIL
005 20231213095945.0
008 231213b |||||||| |||| 00| 0 ||| d
020 _b978-9-75539140-3
040 _aTR-IsEVY
_btur
_cTR-IsEVY
082 _a501 FEY/Y
100 _aFeyerabend, Paul.
245 0 _aYönteme karşı
250 _a2. bs.
260 _bAyrıntı Yayınları,
_c2014
300 _a384 s.
650 _aBilim -- Felsefe.
650 _aFelsefe ve teori.
942 _2ddc
_cBK
999 _c12180
_d12180